Các văn bản pháp luật về vệ sinh môi trường và bảo vệ thực vật

Tallennettuna:
Bibliografiset tiedot
Aineistotyyppi: Kirja
Kieli:Undetermined
Julkaistu: Hà Nội Chính trị Quốc gia 2003
Aiheet:
Tagit: Lisää tagi
Ei tageja, Lisää ensimmäinen tagi!
Thư viện lưu trữ: Trung tâm Học liệu Trường Đại học Cần Thơ
LEADER 00552nam a2200169Ia 4500
001 CTU_87394
008 210402s9999 xx 000 0 und d
020 |c 59500 
082 |a 344.046 
082 |b C101 
245 0 |a Các văn bản pháp luật về vệ sinh môi trường và bảo vệ thực vật 
260 |a Hà Nội 
260 |b Chính trị Quốc gia 
260 |c 2003 
650 |a Environmental law,Plants,protection of 
904 |i Trúc(Tuyen) 
980 |a Trung tâm Học liệu Trường Đại học Cần Thơ